00650nam a2200181 a 450000100060000000300090000600800410001502000150005604000280007108200180009910000310011724500400014826000500018830000100023850501590024865000220040765000390042922745CO-ViMGA141112s2004 ck r 000 u spa d a9588060257 aCO-ViMGAbspacCO-ViMGA04a628.166 V453e1 aVillegas de Brigard, Maria10aEjercicios de purificacion de aguas aColombia : bEscuela Colombiana de Ingenieria a167p. aConceptos basicos de quimica, Equilibrio - ionizacion - producto de solubilidad, Analisis fisicos quimicos y bacteriologico, Coagulacion quimica del agua14aANALISIS DEL AGUA14aPURIFICACION DE AGUAS RESIDUALES